00746nam a2200229 a 450000100100000000500170001000800410002702000180006804000250008608200160011124500500012725000100017726000630018730000200025049000200027050000560029060000500034665000240039665000270042071000490044783000200049600004790220240412074306.0100118s2016 dr r 000 p spa d a9789945494204 aDO-SdBNPbspacBNPHU aRD861bU75p00aSalomé Ureña :bpoemas de una dominicana. a2 ed. aSanto Domingo :bVicepresidencia de la República,c2016. a37 p. ;c21 cm. aLecturas breves aIncluye datos biográficos de la autora en la p. 210aUreña de Henríquez, Salomé ,d1850-1897 0aPoesía dominicana 0aLiteratura dominicana.2 aVicepresidencia de la República Dominicana 0aLecturas breves